000 01203nam a2200277 i 4500
005 20250128200536.0
008 250128n ck o gr 000 0bspa d
020 _a9789585768345
040 _aCO-PeBPR
_cCO-PeBPR
_erda
041 _aspa
082 0 4 _a927.8
_bF465s
100 1 _954236
_aFierro, Juan Martín
_d1972-
_eautor
245 1 0 _aSofronín Martínez, el ángel del pasacaballos:
_bvida y obra de uno de los grandes intérpretes del bolero filin
_cJuan Martín Fierro
264 1 _aBarranquilla (Colombia)
_bC & A Editorial Ltda.
_c[s.f.]
300 _a136 páginas, [12] láminas
_bfotografías a blanco y negro
_c25 cm
_e+CD con antología musical
336 _aTexto
_btxt
_2rdacontent
337 _aSin mediación
_bn
_2rdamedia
338 _aVolumen
_bnc
_2rdacarrier
500 _aIncluye datos biográficos del autor
504 _aContiene bibliografía, páginas (133 - 136)
600 0 _954237
_aMartínez, Sofronín
_d1925-1999
_xBiografías
650 0 _931141
_aMusica Para Guitarra (Guitarras (2))
_zColombia
650 0 _954043
_aMúsicos Colombianos
830 _aColección Musical - Eduardo González
942 _2ddc
_cBK
_h927.8 F465s
_k927.7
_mF465s
999 _c17484
_d17484